Born in Green Bay/Wisconsin - Statistics

General Stats
  • This quiz has been taken 18 times
    10 since last reset
  • The average score is 3 of 6
Answer Stats
Hint Answer % Correct
Co-founder of the Green Bay Packers and the team's head coach from 1920 to 1949 1898 Earl "Curly" Lambeau
100%
Hall of Fame quarterback who spent most of his career with the Green Bay Packers 1910 Arnie Herber
67%
Actor, known for his role as Adrian Monk in "Monk" 1953 Tony Shalhoub
67%
Fullback who plays for the Miami Dolphins 1996 Alec Ingold
33%
Co-founder of the Green Bay Packers 1890 George Whitney Calhoun
33%
Director, "Man of Steel" "300" "Justice League" "Watchmen" 1966 Zack Snyder
33%
No matching quizzes found
Score Distribution
Percent of People with Each Score
Percentile by Number Answered
Your Score History
You have not taken this quiz since the last reset